000 00543nam a22001937a 4500
003 SGT
020 _a97889392787447
082 _a150
_bW22K
100 _aKHAN, WAHEEDA
245 _aPSYCHOLOGY: THE CURRENT OVERVIEW
250 _a1ST
260 _aINDIA
_bSELECTIVE SCIENTIFIC BOOK
_c2022
300 _a187
490 _aSGTU FACULTY PUBLICATIONS
650 _aPSYCHOLOGY
653 _aPSYCHOLOGY: THE CURRENT OVERVIEW, SGT UNIVERSITY FACULTY PUBLICATION
700 _aDR WAHEEDA KHAN, DR RAJBIR , DR AMRA AHSAN
942 _2ddc
_cBK
999 _c24801
_d24801